Creyeron los griegos en sus mitos?: ensayo sobre la imaginación constituyente

Saved in:
Bibliografiske detaljer
Hovedforfatter: Veyne, Paul (Author)
Format: Bog
Sprog:spansk
Udgivet: Buenos Aires Granica 1987
Serier:Colección Plural Historia
Fag:
Tags: Tilføj Tag
Ingen Tags, Vær først til at tagge denne postø!

MARC

LEADER 00000nam a2200000 a 4500
001 UCW9165
003 CL-VaPUC
008 881213e19870000AG |||||||||||||||||spa|d
082 0 4 |a 292.13  |b VEY  |2 21 
100 0 |a Veyne, Paul  |e author  |9 314321 
245 1 0 |a Creyeron los griegos en sus mitos?: ensayo sobre la imaginación constituyente 
300 |a 207 p 
942 |c BK 
945 |d 19881213 00:00:00 
260 |a Buenos Aires  |b Granica  |c 1987 
650 0 |a Mitología griega   |9 265313 
583 |a last modification  |c 19881213 00:00:00  |k Rodrigo Vera 
490 0 |a Colección Plural Historia 
999 |c 221198  |d 221196 
952 |0 0  |1 0  |4 0  |6 292_130000000000000_VEY_1987  |7 0  |8 A  |9 214264  |a BIBHIS  |b BIBHIS  |d 2019-11-15  |i 2829002  |o 292.13 VEY 1987  |p 2829002  |r 2025-01-20  |w 2019-11-15  |y BK  |k HIS